00347nam a2200133Ia 450000500170000000800410001702000180005808200210007610000160009724500510011326000270016430000130019144000090020420240919152212.0240126s9999 xx 000 0 und d a9788126132409 a647.94 MET;1 R aMetti, M C. 0aHotel management : sales and marketing service bAnmol Publ.aNew Delhi avii, 279 aNULL